Analýza vlastností neštandardných geomateriálov

Saved in:
Bibliographic Details
Main Author: Martinka, Lukáš (Author)
Other Authors: Masarovičová, Mária (Thesis advisor)
Format: Manuscript Book
Language:Slovak
Published: 2015
Subjects:
Online Access:http://is.stuba.sk/zp/portal_zp.pl?podrobnosti=78573
Tags: Add Tag
No Tags, Be the first to tag this record!

MARC

LEADER 00000ntm a22000003a 4500
001 stuzp22958
003 SK-STU
005 20160719152831.4
007 ta
008 150427s2015----xo-----f-mn---000-0-slo-d
040 |a STU  |b slo 
041 0 |a slo 
100 1 |a Martinka, Lukáš  |u 010150  |4 aut  |U SvF Stavebná fakulta  |T SvF Katedra geotechniky  |X 28312  |U V150  |Y 15  |7 A000028312 
242 0 1 |a Analysis of properties of non - standard geomaterials  |y eng 
245 1 0 |a Analýza vlastností neštandardných geomateriálov 
260 |c 2015 
650 4 |a odkalisko  |2 slo 
650 4 |a numerická analýza  |2 slo 
650 4 |a popol  |2 slo 
650 4 |a non-standard geomaterials  |2 eng 
650 4 |a ash  |2 eng 
650 4 |a soil mechanics  |2 eng 
700 1 |a Masarovičová, Mária  |4 ths  |X 830  |7 A000000830 
856 4 |u http://is.stuba.sk/zp/portal_zp.pl?podrobnosti=78573 
996 |b 284V041282  |c V* 3247/DP-1177  |l VVS  |s P  |a 0  |w stuzp22958_0001 
SQL |a stuzp22958  |b DDZ  |c SLO  |d Analýza vlastností neštandardných geomateriálov  |e 28312  |f Martinka, Lukáš  |g 010150  |h 830  |i Masarovičová, Mária  |j 20150825  |k 675  |l 01  |m http://is.stuba.sk/zp/portal_zp.pl?podrobnosti=78573  |n D-TKeIS4  |o 5.1.5. inžinierske konštrukcie a dopravné stavby